Issues in British politics since 1945 /

Bibliographic Details
Main Author: Macfarlane, L. J. (Leslie John), 1924-
Format: Book
Language:English
Published: London ; New York : Longman, 1986.
Edition:3rd ed.
Series:Political realities.
Subjects:

MARC

Tag First Indicator Second Indicator Subfields
LEADER 00000cam a2200000 a 4500
001 in00000018506
005 20151007053249.0
008 851007s1986 enk b 00110 eng
010 |a  85024233  
020 |a 0582355605 (pbk.) 
035 |a (OCoLC)12722623 
035 |9 AAB1006AM 
040 |a DLC  |c DLC  |d TXA  |d UtOrBLW 
043 |a e-uk--- 
049 |a TXAM  |c [A11084640] 
050 0 0 |a JN231  |b .M315 1986 
082 0 |a 941.085  |2 19 
100 1 |a Macfarlane, L. J.  |q (Leslie John),  |d 1924- 
245 1 0 |a Issues in British politics since 1945 /  |c L.J. Macfarlane. 
250 |a 3rd ed. 
264 1 |a London ;  |a New York :  |b Longman,  |c 1986. 
300 |a viii, 160 pages ;  |c 20 cm. 
336 |a text  |b txt  |2 rdacontent 
337 |a unmediated  |b n  |2 rdamedia 
338 |a volume  |b nc  |2 rdacarrier 
490 1 |a Political realities 
504 |a Bibliography: pages 141-157. 
500 |a Includes index. 
651 0 |a Great Britain  |x Politics and government  |y 1945- 
650 0 |a Public opinion  |z Great Britain. 
830 0 |a Political realities. 
999 |a MARS 
999 f f |s 450f08c0-542a-3c41-bfe8-977ed09ac474  |i b700f86d-d820-316a-b20f-6e58495c29bf  |t 0 
952 f f |p ric  |a Texas A&M University  |b Rellis Campus  |c Joint Library Facility  |d Remote Storage  |t 0  |e JN231 .M315 1986  |h Library of Congress classification  |i unmediated -- volume  |m A14811084640 
998 f f |a JN231 .M315 1986  |t 0  |l Remote Storage